000 00536nmm a2200169Ia 4500
008 251105s9999||||xx |||||||||||||||||und||
020 _a8470305263
041 _aspa
100 _aHermenegildo, Alfredo (ed.)
245 0 _aAntología del teatro español del siglo XVI :
_b Del palacio al corral
264 _a[Madrid, España] :
_bBiblioteca Nueva,
_c1998
300 _a360 páginas
490 _aClásicos de Biblioteca Nueva
650 _aSpanish theater
856 _uhttps://public.digitaliapublishing.com/a/4455
942 _cCF
999 _c73103
_d73103